000
00341 a2200157 4500
001
162930
020
_a
040
_c
Magnum
100
_a
Cerqueira, Adriano L. da Gama
240
1
0
_a
A europa na idade moderna
_l
por
245
1
0
_a
A europa na idade moderna
362
0
_a
1899
440
1
_a
LĂȘ
697
_a
PARADIDATICO
942
_c
BK
999
_c
162930
_d
162930